000 00509nam a2200145Ia 4500
041 _aArabic
082 _a346,07 cut-52 ع
100 _a20260118u\\\\\\\\\\\y0engy0103\\\\ba
100 _aد.فتحي محمد انور عزت
245 0 _aاحكام ومبادئ القانون للمنازعات الاستثمارية والتجارية والتكنولوجية امام المحاكم الاقتصادية
250 _aط1
260 _aعمان-الاردن
_c2009
300 _a1276
942 _cBk
999 _c188865
_d188865